000 00567nam a2200193Ia 4500
003 OSt
005 20240615111223.0
008 210210b1994 xxu||||| |||| 00| 0 eng d
040 _cAL
041 _aKannada
082 _a910.4K GURB
100 _aGURUMURTHY PENDAKUR.
_dಗುರುಮೂರ್ತಿ ಪೆಂಡಕೂರ್
_9170982
245 _aBahurupa vasundhara.
_bಬಹುರೂಪ ವಸುಂಧರಾ
260 _aBengaluru.
_bKannada Pustaka Pradhikara.,
_c1994
300 _a191
690 _aTravel
_9170983
906 _a057777
942 _2ddc
_cBK
999 _c105413
_d105413